Wie das Braun-Design entstand

Збережено в:
Бібліографічні деталі
Автор: Jatzke-Wigand, Hartmunt (Автор)
Формат: Книга
Мова:Німецька
Англійська
Опубліковано: Hamburgo Jo Klatt Design and Design 2017
Редагування:3a. ed
Предмети:
Теги: Додати тег
Немає тегів, Будьте першим, хто поставить тег для цього запису!

MARC

LEADER 00000cam a2200000 a 4500
001 UCC4693
003 CL-VaPUC
008 180817e20170000gw |||||||||||||||||ger|d
020 |a 9783981110647 
041 0 7 |a ger  |2 CL-VaPUC 
041 0 7 |a eng  |2 CL-VaPUC 
082 0 4 |a 745.4  |b JAT  |2 21 
100 0 |a Jatzke-Wigand, Hartmunt  |e author  |9 598884 
245 1 4 |a Wie das Braun-Design entstand 
246 1 4 |a The development of the Braun design 
250 |a 3a. ed 
300 |a 143 p 
942 |c BK 
945 |d 20180817 12:57:00  |a dcastane 
260 |a Hamburgo  |b Jo Klatt Design and Design  |c 2017 
650 0 |a Diseño industrial  |9 262726 
650 0 |a Historia del diseño industrial  |9 469286 
650 0 |a Diseño de objetos  |9 484552 
583 |a last modification  |c 20180817 12:57:00  |k Rodrigo Vera 
999 |c 372115  |d 372113 
952 |0 0  |1 0  |3 erb  |4 0  |6 745_400000000000000_JAT_2017  |7 0  |8 A  |9 489380  |a BIBARQ  |b BIBARQ  |i 5489016  |o 745.4 JAT 2017  |p 5489016  |r 2025-01-20  |w 2019-11-24  |y BK  |z Catalogado en:20180817  |k ARQ